书目信息 |
| 题名: |
运算放大器应用手册
|
|
| 作者: | 曾新民 曾天剑 编著 | |
| 分册: | ||
| 出版信息: | 北京 电子工业出版社 1990 |
|
| 页数: | 256页 | |
| 开本: | 26cm | |
| 丛书名: | ||
| 单 册: | ||
| 中图分类: | TN722.7 | |
| 科图分类: | ||
| 主题词: | 放大技术 , 放大器 | |
| 电子资源: | ||
| ISBN: | 7-5053-0761-4 | |
| 000 | 00631nam0 2200205 450 | |
| 001 | 0658991734 | |
| 005 | 20061123162507.35 | |
| 010 | @a7-5053-0761-4@dCNY6.00 | |
| 100 | @a20061123d1990 km y0chiy0120 ea | |
| 101 | 0 | @achi |
| 102 | @aCN@b110000 | |
| 200 | 1 | @a运算放大器应用手册@Ayun suan fang da qi ying yong shou ce@f曾新民 曾天剑 编著@Fceng xin min ceng tian jian bian zhu |
| 210 | @a北京@c电子工业出版社@d1990 | |
| 215 | @a256页@d26cm | |
| 606 | 0 | @a放大技术 |
| 606 | 0 | @a放大器 |
| 690 | @aTN722.7@v3 | |
| 701 | 0 | @a曾新民 曾天剑@Aceng xin min ceng tian jian@4编著 |
| 801 | 0 | @aCN@bPFT@c20061123 |
| 905 | @a10447@dTN722.7@e130 | |
| 运算放大器应用手册/曾新民 曾天剑 编著.-北京:电子工业出版社,1990 |
| 256页;26cm |
| ISBN 7-5053-0761-4:CNY6.00 |
| ● |
| 相关链接 |
|
|
|
|
正题名:运算放大器应用手册
索取号:TN722.7/130
 
预约/预借
| 序号 | 登录号 | 条形码 | 馆藏地/架位号 | 状态 | 备注 |
| 1 | 0259248 | 001320911 | 第二样本阅览室/ [索取号:TN722.7/130] | 在馆 |